000 00491nam a2200169Ia 4500
008 090711s9999 xx 000 0 und d
082 _b48895
100 _aव्हटकर अशोक
245 _aअजिंक्य आंबी
260 _c1984
300 _a176
600 _aव्हटकर अशोक
630 _aअजिंक्य आंबी
700 _aव्हटकर अशोक
730 _aअजिंक्य आंबी
942 _cBOOK
999 _c300451
_d300451